|
|
|
|
| LEADER |
00000cam a2200000 7i4500 |
| 001 |
0000088304 |
| 005 |
20230125103522.0 |
| 008 |
220328 |
| 020 |
|
|
|a 9789673694129
|
| 041 |
0 |
|
|a Malay
|
| 090 |
0 |
0 |
|a 615.321
|b RUS
|
| 100 |
0 |
|
|a Rusyainie Ramli
|
| 245 |
1 |
0 |
|a Bani produk sampah :
|b meh sini nak bagitau
|c Dr. Rusyainie Ramli
|
| 260 |
|
|
|a Selangor :
|b Puteh Press
|
| 300 |
|
|
|a 247 p. :
|b ill., col. ;
|c 19.3 cm.
|
| 541 |
|
|
|c Purchased on 2021
|f E210247 EKM
|h RM25.00
|
| 650 |
|
0 |
|a Health products
|x Miscellanea
|
| 650 |
|
0 |
|a Herbal cosmetic
|x Miscellanea
|
| 650 |
|
0 |
|a Herbals
|x Miscellanea
|
| 700 |
0 |
|
|a Title
|
| 999 |
|
|
|a 0001681052
|b Book
|c Children Collection
|e Perbadanan Perpustakaan Awam Johor
|